000 00790nam a2200241 i 4500
003 DO-SdBNP
005 20241021155012.0
007 ta
008 241021b1982 dr ||||| |||| 00| 0 spa d
040 _aDO-SdBNP
_bspa
_cBNPHU
_erda
082 4 _axxx
_bH557d
_222
100 1 _aHernández, Pablo María,
_eautor
_4aut.
_943451
245 1 0 _aDiccionario filosófico /
_cPablo María Hernández.
264 4 _aSanto Domingo :
_bEditora Universidad Autónoma de Santo Domingo,
_c1982.
300 _a114 páginas ;
_c21 cm.
336 _atexto
_btxt
_2rdacontent
337 _asin mediación
_bn
_2rdamedia
338 _avolumen
_bnc
_2rdacarrier
500 _aIncluye datos biográficos del autor en la contracubierta
590 _aInventariado,2024/BT
910 _aBtavárez
942 _2ddc
_cLBS1
999 _c57925
_d57925